| 000 | 01007nam a2200277 i 4500 | ||
|---|---|---|---|
| 001 | bg | ||
| 100 | 1 | _aDZIECH, Andrzej | |
| 245 | 1 | 0 |
_aRandom pulse streams and their applications / _cAndrzej Dziech ; [transl. from Pol. by Andrzej Pach and Ireneusz Smolewski]. |
| 260 |
_aAmsterdam [etc.] : _bElsevier ; _aWarszawa : _bPWN [Państ. Wydaw. Naukowe], _c1993= _bPolish Scientific Publ. |
||
| 300 |
_aXI, 246 s. : _bwykr. ; _c25 cm. |
||
| 490 | 1 |
_aStudies in Electrical and Electronic Engineering ; _v44 |
|
| 504 | _aBibliogr. przy rozdz. - Indeks. | ||
| 650 | 9 | _aTelekomunikacja | |
| 650 | 9 |
_aTeoria informacji _xzagadnienia |
|
| 655 | _aPodręczniki akademickie | ||
| 700 | 1 |
_aPach, Andrzej. _eTł. |
|
| 700 | 1 |
_aSmolewski, Ireneusz. _eTł. |
|
| 830 | _aStudies in Electrical and Electronic Engineering ; | ||
| 020 | _a8301111941 | ||
| 040 | _cBPK | ||
| 041 | 1 |
_aen _hpl |
|
| 080 | _a621.391:621.37](075.8) | ||
| 920 | _a83-01-11194-1 | ||
| 942 | _cKS | ||
| 008 | s pl f |000 0 pol | ||
| 999 |
_c30168 _d30168 |
||
| 856 |
_uhttp://koha.tu.koszalin.pl/cgi-bin/koha/opac-detail.pl?biblionumber=30168 _yKatalog online BPK |
||